banner-ar

حقائق الاسلام الىاباطيل خصومة / (Record no. 43973)

MARC details
000 -الفاتح
حقل البيانات ثابتة الطول 00552nam a2200181Ia 4500
008 - عناصر البيانات ثابتة الطول - معلومات عامة
حقل البيانات ثابتة الطول 140319s9999 xx 000 0 ara d
040 ## - مصدر الفهرسة
وكالة الفهرسة الأصلية GCL /
وكالة النسخ GCL
082 04 - رقم تصنيف ديوى العشرى
رقم التصنيف 216
رقم المادة ع ح
100 1# - المدخل الرئيسى - إسم شخصى
الإسم الشخصى عباس محمود العقاد
245 10 - بيان العنوان
العنوان حقائق الاسلام الىاباطيل خصومة /
بيان المسئوليه,etc عباس محمود العقاد
300 ## - الوصف المادى
التعداد 280 ص
490 ## - بيان السلسلة
عنوان السلسلة 100 قصة
رقم المجلد/ التعيين التسلسلي 0
650 04 - المدخل الاضافى بالموضوع-مصطلح موضوعى
مصطلح موضوعي دفع المطاعن عن الاسلام
650 04 - المدخل الاضافى بالموضوع-مصطلح موضوعى
مصطلح موضوعي الاسلام - دعوة
650 04 - المدخل الاضافى بالموضوع-مصطلح موضوعى
مصطلح موضوعي علوم القران
942 ## - عناصر المدخل الإضافي( كوها)
مصدر التصنيف او مخطط الترفيف Dewey Decimal Classification
Koha [default] item type كتاب
Holdings
حالة التراجع حالة الفقد حالة تلف ليس للاعارة المكان المؤقت الموقع الحالى تاريخ الاكتساب اجمالي اﻻعارات رقم الطلب الباركود تاريخ اخر مشاهدة تاريخ تفعيل السعر نوع وعاء كوها
        مكتبة القاهرة الكبرى مكتبة القاهرة الكبرى 03/26/2014   216\ع ح 106660 03/26/2014 03/26/2014 كتاب

Powered By

EGPV